000 01418cam a22004334a 4500
001 muse85138
003 MdBmJHUP
005 20210127151553.0
006 m o d
007 cr||||||||nn|n
008 080114s2007 mx o 00 0 spa d
010 _z 2008350550
020 _a9786075640846
020 _z9681212991
020 _z9789681212995
035 _a(OCoLC)1107990785
040 _aMdBmJHUP
_cMdBmJHUP
043 _an-mx---
050 0 4 _aPQ7181.C66
_bC66 2007
245 0 3 _aLa copla en México
_cAurelio González, editor.
250 _a1a. ed.
264 1 _bEl Colegio de Mexico,
264 3 _bProject MUSE,
300 _a1 online resource (333 p.)
504 _aIncludes bibliographical references (p.325-333).
506 0 _aOpen Access
_fUnrestricted online access
_2star
588 _aDescription based on print version record.
650 0 _aCoplas
_zMexico
_xHistory and criticism.
650 0 _aMexican poetry
_xHistory and criticism.
655 7 _aElectronic books.
_2local
700 1 _aGonzález, Aurelio.
710 2 _aProject Muse.
_edistributor
830 0 _aBook collections on Project MUSE.
856 4 0 _zFull text available:
_uhttps://muse.jhu.edu/book/74450/
999 _c26243
_d26243